000 00885nam a22002655a 4500
008 150818b1996 njua|||frb||| 001 0 eng d
010 _a95040725
020 _a0132325470
020 _a9780132325479
040 _aEG-ScBUE
_beng
_cEG-ScBUE
082 0 4 _a658.8
_bKOT
_222
100 1 _aKotler, Philip.
245 1 0 _aStrategic marketing for nonprofit organizations /
_cPhilip Kotler, Alan R. Andreasen.
250 _a5th ed.
260 _aUpper Saddle River :
_bPrentice Hall,
_cc.1996.
300 _avii, 632 p. :
_bill. ;
_c25 cm.
500 _aIndexes : p. 617-632.
504 _aIncludes bibliographical references .
590 _aMenna ELEMAM
650 0 _aNonprofit organizations--
_xMarketing.
_2BUEsh
_932697
651 _aUnited States.
_2BUEsh
653 _bBUSADM
_cAugust2015
700 1 _aAndreasen, Alan R.,
_d1934-
_932696
942 _cBB
_k658.8 KOT
_2ddc
999 _c1114
_d1114